Central Library OPAC University of Rajshahi

আধুনিক ফটোসাংবাদিকতার কলা-কৌশল / (Record no. 39779)

MARC details
000 -LEADER
fixed length control field 00813nam a2200229 a 4500
001 - CONTROL NUMBER
control field 39779
003 - CONTROL NUMBER IDENTIFIER
rucl marc code BD-RjUL
005 - DATE AND TIME OF LATEST TRANSACTION
control field 20211209053045.0
008 - FIXED-LENGTH DATA ELEMENTS--GENERAL INFORMATION
fixed length control field 160418b2013 a|||e |||| 00| 0 d
020 ## - INTERNATIONAL STANDARD BOOK NUMBER
International Standard Book Number 984701505573
Terms of availability : TK.252.50
035 ## - SYSTEM CONTROL NUMBER
System control number (BD-RjUL)39892
040 ## - CATALOGING SOURCE
Original cataloging agency BD-RjUL
Language of cataloging ben
Transcribing agency BD-RjUL
041 ## - LANGUAGE CODE
Language code of text/sound track or separate title ben
082 ## - DEWEY DECIMAL CLASSIFICATION NUMBER
Edition number 23
Author mark and year MOA 2013
Classification number 070.49
100 ## - MAIN ENTRY--PERSONAL NAME
Personal name মহসীন, এ.কে.এম.
9 (RLIN) 122552
245 10 - TITLE STATEMENT
Title আধুনিক ফটোসাংবাদিকতার কলা-কৌশল /
Statement of responsibility, etc. এ.কে.এম. মহসীন
260 ## - PUBLICATION, DISTRIBUTION, ETC. (IMPRINT)
Place of publication, distribution, etc. ঢাকা :
Name of publisher, distributor, etc. অনন্যা,
Date of publication, distribution, etc. ২০১৩
300 ## - PHYSICAL DESCRIPTION
Pagination ২০৮ পৃ. :
Illustrations চিত্র ;
Size ২২ সেমি.
650 ## - SUBJECT ADDED ENTRY--TOPICAL TERM
Topical term or geographic name as entry element ফটোসাংবাদিকতা
9 (RLIN) 122553
Topical term or geographic name as entry element Photojournalism
9 (RLIN) 122554
942 ## - ADDED ENTRY ELEMENTS (KOHA)
Source of classification or shelving scheme Dewey Decimal Classification
Koha item type Books
Holdings
Lost status Source of classification or shelving scheme Damaged status Not for loan Collection code Permanent Location Current Location Shelving location Date acquired Source of acquisition Cost, normal purchase price Total Checkouts Full call number Date last seen Copy number Koha item type
  Dewey Decimal Classification   Not For Loan Non-fiction Central Library, University of Rajshahi Central Library, University of Rajshahi Reading Room 03/08/2014 Bathighar, Chittagong 252.50   B 070.49 MOA 2013 18/04/2016 C-1 Books